Normal view
MARC view
- BLALOCK, HUBERT M
Entry Personal Name
001 - CONTROL NUMBER
- control field: 78515
003 - CONTROL NUMBER IDENTIFIER
- control field: NUST
005 - DATE AND TIME OF LATEST TRANSACTION
- control field: 20210628210213.0
008 - FIXED-LENGTH DATA ELEMENTS
- fixed length control field: 210628|| aca||aabn | a|a d
040 ## - CATALOGING SOURCE
- Original cataloging agency: NUST
- Transcribing agency: NUST
100 ## - HEADING--PERSONAL NAME
- Personal name: BLALOCK, HUBERT M
670 ## - SOURCE DATA FOUND
- Source citation: Work cat.: (NUST): BLALOCK, HUBERT M, METHODOLOGY IN SOCIAL RESEARCH, 1971
